000 00665nam a2200205 a 4500
001 000001561
005 20200929145624.0
008 920320s1992 sp a ss 001 0 spa
020 _a8488145020
040 _aDO-SdBNP
_bspa
_cBNPHU
050 0 0 _aHJ60.P35
_bI54
082 _ann
_bI43a
245 0 0 _aInforme anual integrado de la hacienda vasca.
246 1 0 _aHacienda vasca
260 _aVitoria-Gasteiz, EspaƱa :
_bOrgano de Coordinación Tributaria de Euskadi,
_c1992.
300 _a412 p. :
_bil. ;
_c28 cm.
650 0 _aFinance, public
_zSpain
_zPais Vasco
_vPeriodicals.
_95120
710 1 _aOrgano de Coordinacion Tributaria de Euskadi.
_95121
910 _aDC
999 _c1461
_d1461